Najdłuższe łańuchy górskie na świecie - Statystyki

Ogólne statystyki
  • Ten quiz został rozwiązany 79 razy
  • Średni wynik to 3 z 7
Statystyki odpowiedzi
Długość (km) Łańcuch % Poprawnych
2 600 Himalaje
99%
7 000 Andy
91%
2 500 Ural
54%
4 800 Góry Skaliste
29%
3 500 Wielkie Góry Wododziałowe
26%
3 500 Góry Transantarktyczne
4%
5 000 Wielka Skarpa
4%
Nie znaleziono quizów pasujących do podanych kryteriów
Rozkład punktacji
Procent ludzi z każdym wynikiem
Percentyl według liczby udzielonych odpowiedzi
Twoja historia wyników
Nie rozwiązałeś tego quizu